| 000 | 00896cam a2200277 a 4500 | ||
|---|---|---|---|
| 001 | 2655 | ||
| 005 | 20240111133629.0 | ||
| 020 | _a9781615905003 | ||
| 040 |
_aDLC _cDLC _dDLC _beng |
||
| 050 | 0 | 0 | _aQL756.5 |
| 082 | 0 | 0 | _a591.5 |
| 100 | 1 | _aMitten, Luana K | |
| 245 | 1 | 0 |
_aBunches of lunches / _c K. Mitten, Luana |
| 250 | _aPrinted in the United States of America | ||
| 260 |
_aU.S.A : _bRourke Publishing, _c2011 |
||
| 300 |
_a24 pages : _bcolor illustrations ; _c21 cm. |
||
| 490 | 0 | _aAnimal babies and me | |
| 500 | _aIncludes index. | ||
| 505 | _aJ | ||
| 520 | _aThis Delightful Book Will Charm The Very Young Child And The Emergent Reader As They Discover What Young Animals Eat. | ||
| 521 |
_a430
_bLexile |
||
| 521 |
_aJ
_bRaz-Plus |
||
| 650 | 0 |
_aAnimals _xFood _vJuvenile literature. |
|
| 906 |
_a7 _bcbc _corignew _d1 _eecip _f20 _gy-gencatlg |
||
| 942 |
_2ddc _cBK _n0 |
||
| 999 |
_c2655 _d2655 |
||